000 00531nam a22001817a 4500
003 0
005 20230620153237.0
008 230620b xxu||||| |||| 00| 0 eng d
020 _a978-971-9900-36-8
082 _aFil. 523.24
_b.Gu85 2012
245 _aPlanets = Mga planeta
_cGuillain, Charlotte
260 _aQuezon City
_bC&E Publishing, Inc.
_cc2012
300 _a26pp.
_bcol. ill.
_c19cm.
500 _aPlanets-Juvenile literature.
500 _aPlanets.
504 _aIncludes glossary and index.
942 _2ddc
_cBK
999 _c365069
_d365069